Responses for Show #7756 - Monday, May 7, 2018

2018 Teachers Tournament quarterfinal game 1.

Contestants

[<< previous game]

Larry Martin, a second grade teacher from Kansas City, Missouri

Lee DiGeorge, a middle school English and technology teacher from Bayside, New York

Claire Bishop, a high school Latin teacher from Lexington, Kentucky

[next game >>]

Jeopardy! Round responses

THE SHAPE OF WATER
ANTIQUES
SHORT ANSWER TEST
STOCK MARKET INDEXES
PRESIDENTIAL POSSESSIVES
(Alex: I'll give you an example: "Donald's winning cards." "What are Trump's trumps?")
WRECKING THE CURVE
    $200 1
Superior

Lee
    $200 30
Mount Vernon

Claire
    $200 10
(Larry: What is hi?)

yes

Larry
Triple Stumper
    $200 29
(Claire: What is... the Dow? ...Jones?)
(Alex: Thank you.)

Dow Jones

Claire
    $200 2
Lincoln's Lincolns

Larry
    $200 21
the Rockies

Lee
    $400 23
the Nile

Claire
    $400 24
frames

Larry
    $400 22
an earl

Triple Stumper
    $400 28
Hong Kong

Triple Stumper
    $400 7
Ford's Fords

Larry
    $400 20
(David) Ortiz

Larry
    $600 3
Hudson Bay

Larry
    $600 15
Depression

Lee
    $600 11
Eve

Larry
    $600 25
nifty

Claire
    $600 5
Bush's bushes

Larry
    $600 17
3,000

Larry
    $800 4
the Dead Sea

Lee
    $800 13
(Lee: What are cuckoo clocks?)

clocks

LeeLarry
    $800 16
surge

Larry
    $2,000 26
(Alex: Capital is Sofia.)

Bulgaria

Claire
    $800 9
Taylor's tailors

Claire
    $800 18
Hank Aaron

Lee
    $1000 6
the Aral Sea

Lee
    $1000 14
Louis XV

Larry
    $1000 12
zinc

Claire
    $1000 27
the Financial Times

Lee
    $1000 8
Hoover's hoovers

Lee
    $1000 19
Toronto

Triple Stumper

Scores at the first commercial break (after clue 15):

Claire Lee Larry
$1,800 $2,800 $4,000

Scores at the end of the Jeopardy! Round:

Claire Lee Larry
$5,200 $4,800 $6,200

Double Jeopardy! Round responses

SOUNDS CRIMINAL, BUT ISN'T
MOVIES IN THE SKY
COLLEGES OF OXFORD
EMPIRES
ACA"D"MIA
LITERARY MASHUPS
(Alex: Name the two works by the same author that we have kind of messed up a little.)
    $400 30
battery

Claire
    $400 11
Skyfall

Claire
    $400 20
(Claire: What is the D?)

the G

ClaireLee
    $400 2
Ottoman

Larry
    $400 28
deduction

Claire
    $400 27
A Doll's House & Hedda Gabler

Claire
    $800 25
Jaywalking

Larry
    $800 29
John Malkovich

Larry
    $3,000 18
(Larry: Who is... who is Greene?)

John le Carré

Larry
    $800 19
Prussia

Larry
    $800 26
dissect

Larry
    $800 9
(Alex: Jane Austen.)

Mansfield Park & Northanger Abbey

Claire
    $1200 16
(Claire: What is a cuff?)

accessory

ClaireLarry
    $1200 10
(Larry: Who is Gyllenhaal?)
(Alex: And his... we'll give you that. Jake.)

(Jake) Gyllenhaal

Larry
    $1200 17
manners

Triple Stumper
    $3,000 3
Napoleon

Larry
    $1200 1
distance learning

Claire
    $1200 6
The Pelican Brief & Runaway Jury

Claire
    $1600 24
a racket

Larry
    $1600 12
Eye in the Sky

Claire
    $1600 14
Charles I

Larry
    $1600 4
(Claire: What is Iroquois?)

Powhatan

Claire
Triple Stumper
    $1600 21
dissertations

Larry
    $1600 7
(Alex: By Hemingway.)

The Old Man and the Sea & Islands in the Stream

Larry
    $2000 23
a murder

Larry
    $2000 13
Kurt Russell

Triple Stumper
    $2000 15
Philip Pullman

Claire
    $2000 5
Byzantine

Claire
    $2000 22
drill and kill

Triple Stumper
    $2000 8
Portnoy's Complaint & American Pastoral

Claire

Scores at the end of the Double Jeopardy! Round:

Claire Lee Larry
$14,400 $5,200 $20,600

Final Jeopardy! Round responses

U.S. CITIES
(Alex: [To Larry] No, [*]. Wells. If I had given you Henry Wells' name, you'd have gotten [*], I'm sure.)
LeeWhat is San Francisco
$5,200
ClaireWhat is San Antonio
$600
LarryWhat is KC?
$2,500
Fargo

Final scores:

Claire Lee Larry
$13,800 $0 $18,100
2nd place: $5,000 if eliminated 3rd place: $5,000 if eliminated Automatic semifinalist

Game dynamics:

Coryat scores:

Claire Lee Larry
$13,200 $5,200 $21,800
18 R
(including 1 DD),
3 W
9 R,
1 W
24 R
(including 1 DD),
2 W
(including 1 DD)

Combined Coryat: $40,200

[game clues] [game scores] [suggest correction]

Game tape date: 2018-03-20
The J! Archive is created by fans, for fans. Scraping, republication, monetization, and malicious use prohibited; this site may use cookies and collect identifying information. See terms. The Jeopardy! game show and all elements thereof, including but not limited to copyright and trademark thereto, are the property of Jeopardy Productions, Inc. and are protected under law. This website is not affiliated with, sponsored by, or operated by Jeopardy Productions, Inc. Join the discussion at JBoard.tv.